| 000 | 00803nam a2200157Ia 4500 | ||
|---|---|---|---|
| 008 | 100122s9999 xx 000 0 und d | ||
| 082 |
_b35868 _a821.09 |
||
| 100 | _aमर्ढेकर बा सी | ||
| 245 | _aमर्ढेकरांचे सौदर्यशास्त्र पुनर्विचार (क.क्र.28/2 ) | ||
| 260 |
_bयुनिव्हर्सल पब्लिकेशन _c1976 |
||
| 300 | _a115 | ||
| 630 | _aमर्ढेकरांचे सौदर्यशास्त्र पुनर्विचार (क.क्र.28/2 ) | ||
| 700 | _aदीक्षित कमलाकर | ||
| 730 | _aमर्ढेकरांचे सौदर्यशास्त्र पुनर्विचार (क.क्र.28/2 ) | ||
| 942 | _cBOOK | ||
| 999 |
_c418924 _d418921 |
||